000 00742nam a2200229Ia 4500
005 20220708133910.0
008 210716s1999 xx 000 0 und d
020 _a0256197563
040 _cAIMIT LIBRARY
041 _aeng
082 _a338.04
_25
_bTIMJ
100 _aTimmons, Jeffrey A.
_947731
245 _aNew venture creation :
_bEntrepreneurship for the 21st century /
_cBy Jeffry A. Timmons
250 _a5th ed.
260 _aNew Delhi
_bIrwin McGraw Hill
_c1999
300 _axxii, 612p. ;
_bPB :
_c27.5 cm.
650 _aEntrepreneurship
_947732
650 _aFinancing Entrepreneurial Ventures
_947733
650 _aStartup and After
_947734
650 _aResource Requirements
_947735
942 _2ddc
_cBK
_e5th
_k338.04 TIMJ
999 _c198313
_d198313